00357pab a2200133 454500008004000000100002600040245004100066260000900107300001500116362001200131650002200143650001400165773004400179180718b1962 xxu||||| |||| 00| 0 eng d aNamboodiripad, E.M.S. aPolitical parties and Panchayati Raj c1962 ap.618-622. aOct-Dec aPolitical parties aPanchayat aIndian Journal of Public Administration